00925cam a2200241 i 450000100060000000300080000600500170001400800390003103500190007004000320008904100110012108200230013224501500015526000440030530000290034950000800037850000710045850400290052965000320055865000330059065000270062370000330065018906BD-RjUL20211209000344.0140222s1964 nyua b 101 0 eng a(BD-RjUL)18964 aDLCcDLCdDLCdBD-RjULbeng1 aengrus00a666.1042bCAT 196400aCatalyzed crystallization of glass /ceditorial board E. A. Porai-Koshits ... [et al.] ; authorized translation from the Russian by E. B. Uvarov. aNew York :bConsultants Bureau,cc1964. a208 p. :bill. ;c28 cm. aTranslation of Katalizirovannai︠a︡ kristallizat︠s︡ii︠a︡ stekla. aProceedings of a symposium held in April 14-16, 1962 in Leningrad. aIncludes bibliographies. 0aGlassxDefectsxCongresses. 0aCrystallizationxCongresses. 0aCatalysisxCongresses.2 aPoraĭ-Koshit︠s︡, E. A.